House price rises 'unsustainable' (Record no. 67864)

MARC details
000 -LEADER
fixed length control field 01063cam a2200241 4500
001 - CONTROL NUMBER
control field WB3730-15
008 - FIXED-LENGTH DATA ELEMENTS--GENERAL INFORMATION
fixed length control field 010801n2001 000 0 eng u
035 ## - SYSTEM CONTROL NUMBER
System control number (Sirsi) u113900
245 ## - TITLE STATEMENT
Title House price rises 'unsustainable'
260 ## - PUBLICATION, DISTRIBUTION, ETC.
Date of publication, distribution, etc. 2001
490 ## - SERIES STATEMENT
Series statement Financial Times
Volume/sequential designation 1 August 2001, 3
490 ## - SERIES STATEMENT
Series statement Scotsman
Volume/sequential designation 1 August 2001, 1(5)
520 ## - SUMMARY, ETC.
Summary, etc. Nationwide has warned that the current increase in house prices was unsustainable with annual house price inflation reaching 10.9%. The strong housing market has been fuelled by low mortgage rates and high employment. No crash is expected but a rise in unemployment would help slow things down while an inflation rise would have a greater deleterious effect. Meanwhile the Scottish market is lagging behind the UK.
590 ## - LOCAL NOTE (RLIN)
Local note WB
650 ## - SUBJECT ADDED ENTRY--TOPICAL TERM
Topical term or geographic name entry element HOUSE PRICES
650 ## - SUBJECT ADDED ENTRY--TOPICAL TERM
Topical term or geographic name entry element HOUSE PRICE INFLATION
650 ## - SUBJECT ADDED ENTRY--TOPICAL TERM
Topical term or geographic name entry element MORTGAGE RATES
650 ## - SUBJECT ADDED ENTRY--TOPICAL TERM
Topical term or geographic name entry element LONDON
650 ## - SUBJECT ADDED ENTRY--TOPICAL TERM
Topical term or geographic name entry element SCOTLAND
650 ## - SUBJECT ADDED ENTRY--TOPICAL TERM
Topical term or geographic name entry element HOUSE PRICE TO INCOME RATIO
690 ## - LOCAL SUBJECT ADDED ENTRY--TOPICAL TERM (OCLC, RLIN)
Topical term or geographic name as entry element PROPERTY-RESIDENTIAL PROPERTY-RESIDENTIAL PROPERTY MARKET
942 ## - ADDED ENTRY ELEMENTS (KOHA)
Suppress in OPAC 0
Holdings
Withdrawn status Lost status Source of classification or shelving scheme Damaged status Not for loan Home library Current library Shelving location Date acquired Total Checkouts Full call number Barcode Date last seen Copy number Price effective from Koha item type
    Dewey Decimal Classification     London London News article 01/08/2001   WB3730-15 113900-1001 06/08/2019 1 06/08/2019 News article